Célestin Freinet : pedagogía y emancipación /

Esta obra se compone de tres apartados: una semblanza de Freinet desde su infancia, la guerra, la posguerra y la invención de técnicas pedagógicas Freinet, asociada a una evolución ideológica de izquierda. En la segunda parte se compilan una serie de textos en los que se describe el método natural d...

詳細記述

保存先:
書誌詳細
第一著者: Peyronie, Henry (autor)
フォーマット: 図書
言語:スペイン語
出版事項: México : Siglo XXI, 2001, c2001
主題:
タグ: タグ追加
タグなし, このレコードへの初めてのタグを付けませんか!

MARC

LEADER 00000nam^a2200000^a^4500
001 000136756
005 20250521000000.0
009 20260310095329.803
020 |a 968-23-2324-X 
037 |a Acervo ITESO - Biblioteca 
041 |a ESP 
082 |a 370. 92  |b PEY 
100 |a Peyronie, Henry  |e (autor) 
245 1 0 |a Célestin Freinet :  |b pedagogía y emancipación /  |c H. Peyronie ; tr. por Joëlle Rorive, Ricardo Vinós. 
264 4 |a México :  |b Siglo XXI,  |c 2001, c2001 
300 |a 159 p. 
336 |a texto  |b txt  |2 rdacontenido 
337 |a sin mediación  |b n  |2 rdamedio 
338 |a volumen  |b nc  |2 rdasoporte 
500 |a Traducción de: Célestin Freinet: pédagogie et émancipation 
520 |a Esta obra se compone de tres apartados: una semblanza de Freinet desde su infancia, la guerra, la posguerra y la invención de técnicas pedagógicas Freinet, asociada a una evolución ideológica de izquierda. En la segunda parte se compilan una serie de textos en los que se describe el método natural de aprendizaje, la imprenta de la escuela y otras técnicas. Además habla sobre la escuela popular. En la última parte se hace una descripción de la evolución actual de la pedagogía Freinet. 
649 |a XX 
650 |a Educadores -  |x Biografías 
650 |a Educadores Franceses -  |x Biografías 
650 |a Metodología Educativa -  |z Francia 
650 |a Innovación Educativa 
650 |a Proceso Educativo 
650 |a Educación 
650 |a Freinet, Célestin 
910 |a Fondo General 
920 |a Impresos - Libros 
930 |a Colección General 
905 |a 101 
901 |a 0500065455  |b IT1  |c ACC  |u 20250521 
901 |a 0500160109  |b IT1  |c ACC  |u 20250521 
902 |a https://opac.biblio.iteso.mx/vufind/Record/000136756